Statistics for Trick question towns: choose the country (part deux)

Click here to take the quiz!

General Stats

  • This quiz has been taken 11 times
  • The average score is 11 of 20

Answer Stats

QuestionAnswer% Correct
GrootfonteinNamibia
86%
ZinderNiger
86%
Deutsch JahrndorfAustria
71%
SaarBahrain
71%
SucreBolivia
71%
UberlândiaBrazil
71%
ConstantineAlgeria
57%
JakarBhutan
57%
OyoCongo
57%
Biograd na MoruCroatia
57%
MaliGuinea
57%
MadonaLatvia
57%
ConstânciaPortugal
57%
PatnosTurkey
57%
San-PédroIvory Coast
43%
NiikappuJapan
43%
LekiniochMicronesia
43%
FiorentinoSan Marino
43%
BerberSudan
29%
UzhhorodUkraine
29%

Score Distribution

Percentile by Number Answered

Percent of People with Each Score

Your Score History

You have not taken this quiz